000 00406nam a2200181Ia 4500
001 3755
005 20260306145706.0
008 260306t1997||||xx |||||||||||||| ||spa||
041 _aESP
082 _a302.3
_bA159
100 _aAnzieu, Didier
_eAUT
245 0 _aLa dinámica de los grupos pequeños
260 _c1997
300 _a
_c
650 _aGEN
654 _aCED
942 _cLIB
_dJUS
_fJUS
_2ddc
_n
999 _c3755
_d3755